000 01069nam0a22002771 4500
001 rc\3475730
005 20240507140514.0
021 _aRU
_bРг4607-72
035 _a(NLR Aleph) 007599087
090 _a5694339
_c5694339
100 _a20130115d1971 |||y0rusy50 ca
101 0 _arus
102 _aRU
105 _ay z |||||
200 1 _aНаучная работа студентов
_e(Рек. список литературы)
_fЗон. науч. б-ка Сарат. ордена Труд. Красного Знамени гос. ун-та им. Н.Г. Чернышевского
210 _aСаратов
_cБ. и.
_d1971
215 _a[2], 18 с.
_d23
300 _aНа обороте тит. л. сост.: Н.К. Думова
702 1 _aДумова
_bН. К.
_4220
712 0 2 _aСаратовский университет им. Н.Г. Чернышевского. Научная библиотека
801 0 _aRU
_bNLR
_gpsbo
801 1 _aRU
_bELAR
_2rusmarc
852 _aNLR
_jс879-660/Н-34
942 _cBOOK
980 _aNB